[Event "34th Chess Olympiad (women)"]
[Site "Istanbul"]
[Date "2000.11.06"]
[Round "9.22.3"]
[White "Andersson, Christin"]
[Black "Hersvik, Anita"]
[WhiteElo "2096"]
[BlackElo "2172"]
[WhiteCountry "SWE"]
[BlackCountry "NOR"]
[Result "0-1"]

1. e4 e5 2. Nf3 Nf6 3. Nc3 Nc6 4. Bc4 Bc5 5. d3 h6 6. Be3 Bb6 7. d4 Nxe4 
8. Nxe4 d5 9. Bb5 dxe4 10. Nxe5 Qf6 11. O-O O-O 12. Nxc6 bxc6 13. Bc4 Qg6 
14. f3 Bh3 15. Qd2 Rad8 16. c3 c5 17. d5 Bf5 18. Qf2 exf3 19. Qxf3 Be4 
20. Qf2 Bxd5 21. Bxd5 Rxd5 22. c4 Re5 23. a4 Rfe8 24. Bf4 Re2 25. Qf3 Ba5 
26. Rf2 Rxf2 27. Qxf2 Qe4 28. Rc1 Re6 29. g3 Qd3 30. Qg2 g5 31. Qd5 Qd4+ 
32. Qxd4 cxd4 33. b4 Bxb4 34. Rb1 c5 35. Bb8 a5 36. Kf2 Re3 37. h4 Rc3 
38. hxg5 hxg5 39. Be5 g4 40. Rh1 Rc2+ 41. Kg1 Rc1+ 42. Kg2 Rxh1 43. Kxh1 d3 
44. Bf4 d2 45. Bxd2 Bxd2 46. Kg2 Be1 
0-1

[Event "34th Chess Olympiad (women)"]
[Site "Istanbul"]
[Date "2000.11.06"]
[Round "9.23.1"]
[White "Ostry, Irina"]
[Black "Hund, Barbara"]
[WhiteElo "2238"]
[BlackElo "2292"]
[WhiteCountry "KGZ"]
[BlackCountry "SUI"]
[Result "1-0"]

1. e4 e5 2. Nf3 Nc6 3. Bb5 a6 4. Ba4 Nf6 5. O-O b5 6. Bb3 Be7 7. Re1 O-O 
8. a4 b4 9. d3 d6 10. Nbd2 Na5 11. Ba2 c5 12. c3 Rb8 13. Nc4 Bg4 14. Ne3 Bxf3 
15. Qxf3 bxc3 16. bxc3 Nb3 17. Bxb3 Rxb3 18. Nf5 Rxc3 19. Rb1 Re8 20. Rb7 c4 
21. Qg3 Nh5 22. Qg4 g6 23. Rd7 Qc8 24. Rxe7 cxd3 25. Rxe8+ Qxe8 26. g3 Qxa4 
27. Ne7+ Kf8 28. Nd5 Rc2 29. Bh6+ Kg8 30. Rb1 f5 31. Qg5 Qd7 32. Rb8+ 
1-0

[Event "34th Chess Olympiad (women)"]
[Site "Istanbul"]
[Date "2000.11.06"]
[Round "9.23.2"]
[White "Ramseier, Jana S"]
[Black "Sabirova, S"]
[WhiteElo "2156"]
[BlackElo "2131"]
[WhiteCountry "SUI"]
[BlackCountry "KGZ"]
[Result "1-0"]

1. d4 d5 2. Nf3 Nf6 3. c4 e6 4. Nc3 Be7 5. Bg5 O-O 6. e3 c6 7. Bxf6 Bxf6 
8. Rc1 Nd7 9. cxd5 exd5 10. Bd3 Be7 11. O-O Bd6 12. Qc2 g6 13. Na4 Re8 
14. Rfd1 Nf6 15. Nc5 Qe7 16. h3 b6 17. Na4 Bd7 18. Nc3 Rac8 19. Qe2 Bb8 
20. a3 Rcd8 21. b4 Ne4 22. Qb2 Ng5 23. Nxg5 Qxg5 24. Kf1 Bf5 25. Bxf5 gxf5 
26. Ne2 Re6 27. b5 cxb5 28. Qxb5 Rg6 29. g3 h5 30. h4 Qg4 31. Ke1 Qe4 
32. Qd3 Bd6 33. Qa6 Qh1+ 34. Kd2 Qf3 35. Rf1 Re6 36. Rc3 Rde8 37. Nf4 Bxf4 
38. gxf4 R6e7 39. Qe2 Qxe2+ 40. Kxe2 Kg7 41. Rg1+ Kf6 42. Rg5 Rh8 43. Rc6+ Re6 
44. Rc7 Rd6 45. a4 a6 46. Ra7 a5 47. Rc7 Rh7 48. Rg8 Rh6 49. Rf8 Rh7 
50. Rb7 Rg7 51. Rh8 Rc6 52. Kf3 Kg6 53. Rhb8 Rc4 54. Rxb6+ f6 55. Rf8 Rf7 
56. Rd8 Rxa4 57. Ra6 Ra1 58. Rxd5 a4 59. Rda5 Rb7 60. Rxa4 Rh1 61. Ra1 Rxh4 
62. R6a2 Rg4 63. d5 h4 64. Rh1 Kh5 65. Rd2 Rd7 66. d6 Rg8 67. Rd5 Kg6 
68. Rg1+ Kf7 69. Rxg8 Kxg8 70. Rxf5 Rxd6 71. Rh5 Ra6 72. Rxh4 Kf7 73. f5 Kg7 
74. Rb4 Ra7 75. Rb6 Rc7 76. Ke4 Kf7 77. Kd5 Re7 78. e4 Re5+ 79. Kd4 Ra5 
80. Rb7+ Kf8 81. Ke3 Ra3+ 82. Kf4 Ra4 83. f3 Ra1 84. Kg4 Rg1+ 85. Kh5 Rg3 
86. f4 Re3 87. Kg6 Rxe4 88. Kxf6 Re8 89. Kg6 Kg8 90. f6 Kf8 91. Rg7 Ra8 
1-0

[Event "34th Chess Olympiad (women)"]
[Site "Istanbul"]
[Date "2000.11.06"]
[Round "9.23.3"]
[White "Lim, Greta"]
[Black "Gruenenwald, Evi"]
[WhiteElo "2000"]
[BlackElo "2038"]
[WhiteCountry "KGZ"]
[BlackCountry "SUI"]
[Result "0-1"]

1. Nf3 d5 2. g3 c5 3. Bg2 Nc6 4. d3 Nf6 5. O-O e6 6. Nbd2 Be7 7. e4 dxe4 
8. Nxe4 O-O 9. Bg5 Nd5 10. Bxe7 Qxe7 11. Re1 Rb8 12. Qc1 h6 13. c3 b6 
14. d4 cxd4 15. Nxd4 Nxd4 16. cxd4 Bb7 17. Nc3 Nb4 18. Qd2 Bxg2 19. Kxg2 Qb7+ 
20. f3 Rfd8 21. Ne2 Nc6 22. Qf4 Rd5 23. Rad1 Rbd8 24. Rd2 e5 25. Qe4 exd4 
26. Rc1 Rc5 27. Rcd1 Re5 28. Qf4 Qe7 29. Nxd4 Nxd4 30. Rxd4 Re2+ 31. Kh3 Rxd4 
32. Qxd4 Qe6+ 33. g4 h5 34. Qf4 hxg4+ 35. Qxg4 Qh6+ 
0-1

[Event "34th Chess Olympiad (women)"]
[Site "Istanbul"]
[Date "2000.11.06"]
[Round "9.24.1"]
[White "Cinak, Nilufer"]
[Black "Ratcu, Tatiana"]
[WhiteElo "2057"]
[BlackElo "2240"]
[WhiteCountry "TURA"]
[BlackCountry "BRA"]
[Result "0-1"]

1. e4 c5 2. Nf3 e6 3. d4 cxd4 4. Nxd4 a6 5. Nc3 d6 6. Be2 Nf6 7. O-O Bd7 
8. Kh1 Nc6 9. f4 Be7 10. Be3 O-O 11. Qe1 b5 12. Bd3 Ng4 13. Nxc6 Bxc6 
14. Bg1 e5 15. Qg3 h5 16. f5 b4 17. Nd5 Bxd5 18. exd5 Qa5 19. Bc4 Bd8 
20. h3 Nf6 21. Be3 Kh8 22. Qh4 Nxd5 23. Qxh5+ Kg8 24. Bh6 Bf6 25. Rad1 Nf4 
26. Bxf4 exf4 27. Rxf4 Qe5 28. Rfd4 Qg3 29. Rg4 Qe5 30. b3 Rac8 31. Rgd4 Qg3 
32. R4d3 Qf4 33. Rf3 Qe5 34. Rd5 Qe1+ 35. Rf1 Qg3 36. Qf3 Be5 37. Qxg3 Bxg3 
38. Ra5 Rc6 
0-1

[Event "34th Chess Olympiad (women)"]
[Site "Istanbul"]
[Date "2000.11.06"]
[Round "9.24.2"]
[White "Delai, Paula"]
[Black "Oney, Fatmanur"]
[WhiteElo "2110"]
[BlackElo "2038"]
[WhiteCountry "BRA"]
[BlackCountry "TURA"]
[Result "1-0"]

1. d4 d5 2. Nf3 c6 3. g3 Nf6 4. Bg2 Bf5 5. O-O e6 6. b3 Be7 7. c4 h6 8. Ba3 O-O 
9. Bxe7 Qxe7 10. Nc3 Qb4 11. Rc1 dxc4 12. bxc4 Qxc4 13. Ne5 Qb4 14. Qd2 Qe7 
15. Qb2 Na6 16. Rfd1 Bh7 17. a3 Nd5 18. Na4 Rfd8 19. e4 Nf6 20. f3 Rab8 
21. Bf1 Nd7 22. Nxd7 Qxd7 23. Bxa6 bxa6 24. Qc3 Qe7 25. Rd3 Rdc8 26. Nc5 Rb6 
27. Qa5 Qg5 28. Rc2 Rcb8 29. f4 Qh5 30. Qc3 Qh3 31. Rdd2 Rb1+ 32. Rc1 R8b5 
33. a4 Rb6 34. Nd7 Rb7 35. Qxc6 Rxc1+ 36. Qxc1 Bxe4 37. Qc8+ Kh7 38. Nf8+ Kg8 
39. Nxe6+ Kh7 40. Nf8+ 
1-0

[Event "34th Chess Olympiad (women)"]
[Site "Istanbul"]
[Date "2000.11.06"]
[Round "9.24.3"]
[White "Cavusoglu, Yildiz"]
[Black "Ribeiro, Regina"]
[WhiteElo "2000"]
[BlackElo "2104"]
[WhiteCountry "TURA"]
[BlackCountry "BRA"]
[Result "1-0"]

1. d4 e6 2. c4 f5 3. Nc3 Nf6 4. Nf3 d5 5. e3 c6 6. Be2 Bd6 7. O-O O-O 
8. Ne5 Nbd7 9. f4 Ne4 10. Qe1 a5 11. c5 Be7 12. Na4 g5 13. Nc3 gxf4 
14. exf4 Nxe5 15. fxe5 Kh8 16. Bf3 b5 17. Be3 b4 18. Ne2 Rg8 19. Bxe4 dxe4 
20. Nf4 Rg4 21. a3 Bh4 22. Qd2 b3 23. a4 Qg8 24. Ra3 Ba6 25. Rc1 Rb8 
26. Qxa5 Be2 27. Qd2 Bf3 28. Kh1 Rb7 29. gxf3 exf3 30. Raa1 Rbg7 31. Rg1 Rxg1+ 
32. Rxg1 Rxg1+ 33. Bxg1 Qg4 34. Be3 Bg5 35. Ng6+ Kg8 36. Bxg5 hxg6 37. Be3 g5 
38. a5 Qe4 
1-0

[Event "34th Chess Olympiad (women)"]
[Site "Istanbul"]
[Date "2000.11.06"]
[Round "9.26.1"]
[White "Mendoza, Beverly"]
[Black "Hernandez, Yadira"]
[WhiteElo "2098"]
[BlackElo "2207"]
[WhiteCountry "PHI"]
[BlackCountry "MEX"]
[Result "1/2-1/2"]

1. e4 d6 2. d4 Nf6 3. f3 g6 4. c4 Bg7 5. Nc3 O-O 6. Be3 c5 7. dxc5 dxc5 
8. Qxd8 Rxd8 9. Bxc5 Nc6 10. Rd1 Nd7 11. Be3 b6 12. Nge2 Bb7 13. Nd4 Nde5 
14. Nxc6 Rxd1+ 15. Kxd1 Nxc6 16. Kc2 Rd8 17. Be2 Bd4 18. Bxd4 Nxd4+ 19. Kc1 Rc8 
20. Bd3 Ba6 21. b3 b5 22. Kd2 b4 23. Nd5 Nc6 24. c5 Bb7 25. Bb5 Kf8 
26. Bxc6 Rxc6 27. Rc1 a5 28. Ke3 f5 29. e5 g5 30. Nb6 Ke8 31. g3 Rh6 
32. Rc2 Bc6 33. Nc4 a4 34. bxa4 Bxa4 35. Rb2 Bc6 36. Na5 Kd7 37. Nxc6 Kxc6 
38. Kd4 f4 39. a3 b3 40. Rxb3 Rxh2 41. gxf4 Rh4 42. Rb6+ Kc7 43. Kd5 Rxf4 
44. Rh6 Rxf3 45. Rxh7 Rd3+ 46. Kc4 Rxa3 47. Rxe7+ Kc6 48. Re6+ Kc7 49. Rg6 g4 
50. Rg7+ Kc6 51. Rg6+ Kc7 52. Kd5 Rd3+ 53. Ke4 Rc3 54. Kd4 Ra3 55. Kd5 Rd3+ 
56. Ke6 g3 57. Ke7 Re3 58. e6 Kc6 59. Rg5 Rf3 60. Ke8 Kc7 61. Rg6 Kc6 
62. Rg5 Kc7 63. e7 Kc6 64. Re5 g2 65. Kd8 Kb7 66. e8=Q Rd3+ 67. Ke7 g1=Q 
68. Qb5+ Kc7 69. Qb6+ Kc8 70. Qa6+ Kc7 71. Qa7+ Kc8 72. Qa6+ Kc7 73. Qxd3 Qg7+ 
74. Ke6 Qg8+ 75. Kf6 Qh8+ 76. Ke6 Qg8+ 77. Ke7 Qg7+ 78. Ke6 Qg8+ 79. Kf6 Qh8+ 
80. Ke6 Qg8+ 
1/2-1/2

[Event "34th Chess Olympiad (women)"]
[Site "Istanbul"]
[Date "2000.11.06"]
[Round "9.26.2"]
[White "Guerrero, Alejandra"]
[Black "Bernardo, Leah"]
[WhiteElo "2171"]
[BlackElo "2000"]
[WhiteCountry "MEX"]
[BlackCountry "PHI"]
[Result "1/2-1/2"]

1. e4 e6 2. d4 d5 3. Nd2 Nf6 4. e5 Nfd7 5. Bd3 c5 6. c3 Nc6 7. Ne2 Qb6 
8. Nf3 cxd4 9. cxd4 f6 10. exf6 Nxf6 11. O-O Bd6 12. Bf4 Bxf4 13. Nxf4 O-O 
14. Qd2 Kh8 15. Ng5 Nxd4 16. Bxh7 Nxh7 17. Ng6+ Kg8 18. Ne7+ Kh8 19. Ng6+ Kg8 
20. Nxh7 Re8 21. Ng5 e5 22. Nh4 Qh6 23. Nhf3 Nxf3+ 24. Nxf3 Qxd2 25. Nxd2 Bf5 
26. f3 Rac8 27. Rac1 Kf7 28. Kf2 Kf6 29. Rfe1 b5 30. Ke2 d4 31. Nb3 Rc4 
32. Nd2 Rcc8 33. Nf1 Be6 34. a3 Bc4+ 35. Kd2 Bxf1 36. Rxf1 Rc4 37. b3 Rcc8 
38. Kd3 Kf5 39. g3 g5 40. Rfe1 a5 41. b4 axb4 42. axb4 Rh8 43. g4+ Kf6 
44. Ra1 Rc6 45. Ra5 Rb8 46. Re2 Rc3+ 47. Ke4 Rb6 48. Ra8 d3 49. Rd2 Rd6 
50. Rf8+ Ke7 51. Rf5 Rd4+ 52. Ke3 Rxb4 53. Rxe5+ Kf6 54. Rd5 Rbb3 55. h3 b4 
56. Rf5+ Kg6 57. f4 gxf4+ 58. Rxf4 Rb1 59. h4 Rh1 60. h5+ Kg5 61. Rxb4 Rh3+ 
62. Kd4 Ra3 63. Rg2 d2 64. Rb5+ Kh4 65. Rxd2 Ra4+ 66. Ke5 Rxg4 67. Rb8 Rg5+ 
68. Kf6 Rf3+ 69. Ke6 Re3+ 70. Kd6 Rxh5 71. Rh2+ Rh3 
1/2-1/2

[Event "34th Chess Olympiad (women)"]
[Site "Istanbul"]
[Date "2000.11.06"]
[Round "9.26.3"]
[White "Espallardo, Christine"]
[Black "Garcia, Edith"]
[WhiteElo "2000"]
[BlackElo "2052"]
[WhiteCountry "PHI"]
[BlackCountry "MEX"]
[Result "1-0"]

1. Nf3 d5 2. g3 Nf6 3. Bg2 Bf5 4. O-O h6 5. d3 e6 6. c4 c6 7. Qb3 Qb6 
8. Be3 Qxb3 9. axb3 a6 10. Nc3 Nbd7 11. Rfc1 Bd6 12. Na4 O-O 13. Bb6 Nxb6 
14. Nxb6 Rad8 15. c5 Bc7 16. Na4 e5 17. Nd2 Rfe8 18. Nc3 Bg6 19. Rd1 e4 
20. dxe4 d4 21. Ncb1 Nxe4 22. Nxe4 f5 23. Nd6 Rxe2 24. Bf1 Rxb2 25. Rxd4 f4 
26. Bc4+ Kh7 27. Nc3 fxg3 28. hxg3 b6 29. Rdd1 Rf8 30. Ra2 Rfxf2 31. Rxb2 Rxb2 
32. Na4 Rc2 33. cxb6 Bb8 34. Bxa6 c5 35. Bc4 h5 36. Nxc5 
1-0

[Event "34th Chess Olympiad (women)"]
[Site "Istanbul"]
[Date "2000.11.06"]
[Round "9.27.1"]
[White "Shabanaj, Eglantina"]
[Black "Phan-Koshnitsky, Ngan"]
[WhiteElo "2176"]
[BlackElo "2157"]
[WhiteCountry "ALB"]
[BlackCountry "AUS"]
[Result "0-1"]

1. d4 Nf6 2. c4 g6 3. Nc3 Bg7 4. e4 d6 5. f3 O-O 6. Be3 Nc6 7. a3 e5 8. d5 Ne7 
9. Bd3 Nh5 10. Nge2 f5 11. Bg5 h6 12. Bh4 Nf4 13. Nxf4 exf4 14. Qe2 Re8 
15. O-O-O c5 16. exf5 g5 17. Bf2 Nxf5 18. Ne4 a6 19. Rde1 Bd7 20. g3 b5 
21. gxf4 bxc4 22. Bxc4 Rb8 23. b3 Qa5 24. a4 Qb4 25. Qa2 Bb5 26. fxg5 Bxc4 
27. bxc4 hxg5 28. Rhg1 Kf8 29. Re2 Be5 30. Bg3 Nd4 31. Rc2 Bxg3 32. hxg3 Nxf3 
33. Rf1 g4 34. Qa1 Re5 35. Nd2 Kg8 36. Nxf3 gxf3 37. Rd1 Re1 38. a5 Rxd1+ 
39. Kxd1 Qb1+ 40. Qxb1 Rxb1+ 
0-1

[Event "34th Chess Olympiad (women)"]
[Site "Istanbul"]
[Date "2000.11.06"]
[Round "9.27.2"]
[White "Dekic, Biljana N"]
[Black "Cima, Rozana"]
[WhiteElo "2104"]
[BlackElo "2055"]
[WhiteCountry "AUS"]
[BlackCountry "ALB"]
[Result "0-1"]

1. e4 e5 2. Nf3 Nc6 3. Bb5 a6 4. Ba4 d6 5. c3 Nf6 6. d3 Be7 7. O-O O-O 8. h3 h6 
9. Re1 Nh7 10. Nbd2 f5 11. Nf1 fxe4 12. dxe4 Qe8 13. Ng3 Kh8 14. Bc2 Qg6 
15. Nf5 Bf6 16. Kh2 Ne7 17. g4 Ng5 18. N3h4 Qh7 19. Ng3 g6 20. Ng2 Bd7 
21. h4 Ne6 22. f3 Nf4 23. Rh1 Bg7 24. Nxf4 exf4 25. Ne2 Be5 26. Qg1 Qf7 
27. Bb3 Be6 28. Bxe6 Qxe6 29. b3 d5 30. Nd4 Qd6 31. h5 dxe4 32. hxg6 exf3 
33. Nxf3 Bxc3 34. Kg2 Qxg6 35. g5 Qc2+ 36. Bd2 Bxa1 37. Qxa1+ Kg8 38. Rxh6 Ng6 
39. Qc3 Qe4 40. Qxc7 Rf7 41. Qc4 Qf5 42. Kf2 Rd8 43. a4 Rd6 44. b4 Rc6 
45. Qb3 Qe4 46. b5 Re6 47. Kg1 axb5 48. axb5 Rh7 49. Rxg6+ Qxg6 50. Bxf4 Qf7 
51. Qa4 Re8 52. Ne5 Qd5 53. b6 Rh1+ 54. Kf2 Rf8 55. Kg3 Rg1+ 56. Kf2 Qg2+ 
57. Ke3 Re1+ 58. Kd3 Qf1+ 59. Kc2 Rc8+ 
0-1

[Event "34th Chess Olympiad (women)"]
[Site "Istanbul"]
[Date "2000.11.06"]
[Round "9.27.3"]
[White "Shabanaj, Alda"]
[Black "Moylan, Laura"]
[WhiteElo "2000"]
[BlackElo "2076"]
[WhiteCountry "ALB"]
[BlackCountry "AUS"]
[Result "0-1"]

1. d4 Nf6 2. c4 c5 3. d5 b5 4. cxb5 a6 5. Nc3 axb5 6. e4 b4 7. Nb5 d6 
8. Bf4 Nbd7 9. Nf3 Nh5 10. Bg5 Nhf6 11. Nd2 h6 12. Bf4 g5 13. Bg3 Bg7 
14. a4 bxa3 15. bxa3 Qa5 16. Bd3 Nxe4 17. Ra2 Nxd2 18. Qxd2 O-O 19. O-O Qxd2 
20. Rxd2 Bb7 21. Rb1 Ba6 22. Re1 Bxb5 23. Bxb5 Bc3 24. Rxe7 Bxd2 25. Rxd7 Rxa3 
26. h3 Rb8 27. Bc6 Rb1+ 28. Kh2 Bf4 29. Bxf4 gxf4 30. Rxd6 Raa1 31. g3 f3 
32. g4 Rg1 
0-1

[Event "34th Chess Olympiad (women)"]
[Site "Istanbul"]
[Date "2000.11.06"]
[Round "9.28.1"]
[White "Lee, Samantha"]
[Black "Hamid, Rani"]
[WhiteElo "2000"]
[BlackElo "2106"]
[WhiteCountry "MAS"]
[BlackCountry "BAN"]
[Result "0-1"]

1. e4 c5 2. Nf3 Nc6 3. d4 cxd4 4. Nxd4 Nf6 5. Nc3 e6 6. a3 Qc7 7. Be2 a6 
8. Be3 b5 9. O-O Bb7 10. Nb3 Ne5 11. f3 Be7 12. Kh1 O-O 13. Rc1 Ng6 14. Bd3 d5 
15. exd5 Nxd5 16. Nxd5 Bxd5 17. Nd4 Rac8 18. Qd2 Bd6 19. Ne2 f5 20. c3 Qb8 
21. Qe1 Ne5 22. Qd2 Nc4 23. Bxc4 Bxc4 24. Rfe1 Rfd8 25. Bf4 e5 26. Bg5 Be7 
0-1

[Event "34th Chess Olympiad (women)"]
[Site "Istanbul"]
[Date "2000.11.06"]
[Round "9.28.2"]
[White "Sultana, Zakia"]
[Black "Ibrahim, Eliza"]
[WhiteElo "2044"]
[BlackElo "2015"]
[WhiteCountry "BAN"]
[BlackCountry "MAS"]
[Result "1-0"]

1. d4 Nf6 2. e3 g6 3. Bd3 Bg7 4. f4 d6 5. Nf3 O-O 6. O-O Nc6 7. c3 e5 
8. fxe5 dxe5 9. Bc2 e4 10. Nfd2 Qe7 11. Qe1 Bf5 12. Nb3 Nd5 13. a3 Qg5 
14. c4 Nf6 15. Nc3 b6 16. Ne2 h5 17. Qg3 Qxg3 18. Nxg3 Ne7 19. Nd2 Ng4 
20. Re1 Bh6 21. Ndxe4 h4 22. Nf1 Kg7 23. h3 Nf6 24. Nxf6 Bxc2 25. Ng4 Bg5 
26. Bd2 Be4 27. Bc3 Kh7 28. Nd2 Bf5 29. Nf3 Bh6 30. Nf6+ Kh8 31. d5 Bg7 
32. Nxh4 Bd3 33. b3 Nf5 34. Nxf5 Bxf5 35. e4 Bc8 36. Rf1 g5 37. e5 Bxf6 
38. Rxf6 Kg7 39. Raf1 Bd7 40. e6 
1-0

[Event "34th Chess Olympiad (women)"]
[Site "Istanbul"]
[Date "2000.11.06"]
[Round "9.28.3"]
[White "Siti, Zulaikha"]
[Black "Khan, Nazrana"]
[WhiteElo "2000"]
[BlackElo "2000"]
[WhiteCountry "MAS"]
[BlackCountry "BAN"]
[Result "0-1"]

1. e4 c5 2. Nf3 d6 3. d4 cxd4 4. Nxd4 Nf6 5. Nc3 a6 6. Bc4 e6 7. Bb3 Be7 
8. Be3 O-O 9. g4 Nc6 10. g5 Ne8 11. h4 Na5 12. g6 hxg6 13. h5 g5 14. Qf3 Nxb3 
15. Nxb3 Kh7 16. O-O-O b5 17. e5 d5 18. Nd4 Bd7 19. h6 g6 20. Rdg1 Rc8 
21. Qg3 b4 22. Nce2 a5 23. Bxg5 Bxg5+ 24. Qxg5 Qxg5+ 25. Rxg5 f6 26. exf6 Rxf6 
27. Rh2 Nd6 28. Re5 Nf7 29. Re3 e5 30. Rf3 Rxf3 31. Nxf3 Bf5 32. Ne1 Nxh6 
33. Kd2 Kg7 34. f4 e4 35. Nd4 Ng4 36. Nxf5+ gxf5 37. Rh5 Kg6 38. Rg5+ Kf6 
39. Rh5 Rc4 40. Ke2 a4 41. b3 axb3 42. axb3 Rc8 43. Rh7 Rb8 44. Rd7 Ke6 
45. Ra7 Rb6 46. Rg7 d4 47. Rg8 Nf6 48. Rd8 Nd5 49. Ng2 Rc6 50. Kd2 Rc3 
51. Re8+ Kf6 52. Rf8+ Kg6 53. Nh4+ Kh5 54. Rxf5+ Kxh4 55. Rxd5 e3+ 56. Kd1 Kg3 
57. Ke1 Rxc2 58. Rxd4 Kf3 59. Kd1 Ra2 60. Rd3 Kf2 
0-1

[Event "34th Chess Olympiad (women)"]
[Site "Istanbul"]
[Date "2000.11.06"]
[Round "9.29.1"]
[White "Murioz, Carolina"]
[Black "Milligan, Helen"]
[WhiteElo "2000"]
[BlackElo "2123"]
[WhiteCountry "CRC"]
[BlackCountry "SCO"]
[Result "0-1"]

1. e4 c5 2. Nc3 Nc6 3. g3 g6 4. Bg2 Bg7 5. f4 d6 6. Nf3 e5 7. d3 Nge7 
8. O-O O-O 9. Rb1 Rb8 10. Be3 Nd4 11. Ne2 Be6 12. c4 b5 13. b3 b4 14. Qd2 Nxf3+ 
15. Rxf3 Qc7 16. h3 f5 17. Kh2 Rbd8 18. Rff1 Bc8 19. Bf3 Bb7 20. g4 fxe4 
21. dxe4 exf4 22. Nxf4 Bc8 23. Nd5 Nxd5 24. exd5 Rde8 25. Bh6 Bxh6 26. Qxh6 Qg7 
27. Qd2 Qe5+ 28. Kg2 Qf4 29. Qxf4 Rxf4 30. Kg3 g5 31. Rbe1 Rff8 32. Bg2 Kg7 
33. Rxf8 Kxf8 34. Rxe8+ Kxe8 35. Kf2 Kf7 36. Ke3 Bd7 37. Be4 h6 38. Bf3 Kf6 
39. Be4 Be8 40. Kf3 Bg6 41. Ke3 Bxe4 42. Kxe4 a6 43. Kf3 Ke5 44. Ke3 a5 
45. Ke2 Ke4 46. Kd2 Kf4 47. Kd3 Kf3 48. Kd2 Kg3 49. Ke3 Kxh3 50. Ke4 Kxg4 
0-1

[Event "34th Chess Olympiad (women)"]
[Site "Istanbul"]
[Date "2000.11.06"]
[Round "9.29.2"]
[White "Rutherford, Elaine"]
[Black "Ramirez, Karla"]
[WhiteElo "2050"]
[BlackElo "2000"]
[WhiteCountry "SCO"]
[BlackCountry "CRC"]
[Result "1-0"]

1. e4 e5 2. Nf3 Nc6 3. Bc4 Bc5 4. d3 Nf6 5. c3 d6 6. Bb3 Bg4 7. Be3 Qe7 
8. Nbd2 Nd8 9. h3 Bd7 10. Bxc5 dxc5 11. Nc4 Nc6 12. Ba4 Rd8 13. Qb3 b6 
14. Bxc6 Bxc6 15. Ncxe5 Bb7 16. Qa4+ Nd7 17. Nc6 Bxc6 18. Qxc6 Qd6 
19. Qxd6 cxd6 20. O-O-O O-O 21. Nd2 Ne5 22. Kc2 d5 23. f4 Ng6 24. g3 dxe4 
25. dxe4 Rd7 26. Nc4 Rfd8 27. Rxd7 Rxd7 28. Rd1 Rxd1 29. Kxd1 Ne7 30. Kc2 Nc8 
31. e5 Kf8 32. Kd3 Ke7 33. Ke4 f6 34. Kd5 fxe5 35. fxe5 Kd7 36. e6+ Ke7 
37. Ke5 a6 38. Ne3 g6 39. Nd5+ Kd8 40. Kf6 b5 41. e7+ Kd7 42. Nb6+ Nxb6 
43. Kf7 Nc4 44. e8=Q+ Kc7 45. Qe7+ 
1-0

[Event "34th Chess Olympiad (women)"]
[Site "Istanbul"]
[Date "2000.11.06"]
[Round "9.29.3"]
[White "Vega, Carla"]
[Black "Lang, Heather"]
[WhiteElo "2000"]
[BlackElo "2064"]
[WhiteCountry "CRC"]
[BlackCountry "SCO"]
[Result "0-1"]

1. e4 e5 2. Nf3 Nc6 3. Bc4 Nf6 4. Ng5 d5 5. exd5 Na5 6. Bb5+ c6 7. dxc6 bxc6 
8. Be2 h6 9. Nf3 e4 10. Ne5 Bd6 11. d4 exd3 12. Nxd3 Qc7 13. b3 c5 14. c4 Be5 
15. Bb2 Bxb2 16. Nxb2 O-O 17. Nc3 Bb7 18. O-O Rad8 19. Qc1 Nc6 20. Bf3 Rfe8 
21. Nba4 Nd4 22. Bxb7 Ng4 23. f4 Qxb7 24. Rb1 Re2 25. Nxe2 Nxe2+ 26. Kh1 Nxc1 
27. Rfxc1 Rd2 28. Rb2 Rxb2 29. Nxb2 Qe4 30. Rf1 Ne3 
0-1

[Event "34th Chess Olympiad (women)"]
[Site "Istanbul"]
[Date "2000.11.06"]
[Round "9.30.1"]
[White "Lai, Xiaoqing"]
[Black "Tamin, Upi"]
[WhiteElo "2000"]
[BlackElo "2240"]
[WhiteCountry "JPN"]
[BlackCountry "INA"]
[Result "1-0"]

1. d4 Nf6 2. Nf3 g6 3. c4 Bg7 4. Nc3 O-O 5. Bf4 d6 6. h3 Na6 7. e3 c5 
8. Be2 Nh5 9. Bh2 f5 10. O-O Nf6 11. Rb1 Ne4 12. Nxe4 fxe4 13. Ng5 cxd4 
14. exd4 Qa5 15. Nxe4 Bf5 16. Bf3 Rad8 17. g4 Bxe4 18. Bxe4 Qxa2 19. b3 Nb4 
20. Bxb7 Nc2 21. Qd2 Bxd4 22. Rbc1 Qxb3 23. Bd5+ Kh8 24. Rxc2 e5 25. Kg2 a5 
26. Ra2 a4 27. f4 Rb8 28. f5 a3 29. Rf3 Qxa2 30. Qxa2 Rb2+ 31. Qxb2 Bxb2 
32. c5 dxc5 33. Rxa3 gxf5 34. Ra2 Bd4 35. gxf5 Rxf5 36. Bg3 h5 37. Ra7 Rf8 
38. Re7 Rc8 39. Bc4 Rf8 40. Bd3 Rg8 41. Rh7# 
1-0

[Event "34th Chess Olympiad (women)"]
[Site "Istanbul"]
[Date "2000.11.06"]
[Round "9.30.2"]
[White "Zakiah, Al"]
[Black "Watai, Miyoko"]
[WhiteElo "2000"]
[BlackElo "2000"]
[WhiteCountry "INA"]
[BlackCountry "JPN"]
[Result "1-0"]

1. d4 Nf6 2. c4 e6 3. Bg5 d5 4. Nc3 Be7 5. e3 O-O 6. Nf3 dxc4 7. Bxc4 b6 
8. O-O Bb7 9. Rc1 Nbd7 10. Qe2 c5 11. Rfd1 Qc8 12. Bb5 Bc6 13. dxc5 Bxc5 
14. Bxc6 Qxc6 15. b4 Bxb4 16. Nd5 Qa4 17. Nxf6+ Nxf6 18. Bxf6 gxf6 19. Rd4 Qa3 
20. Rcc4 a5 21. Rd3 Qa4 22. Qb2 e5 23. Nxe5 fxe5 24. Rg4+ Kh8 25. Qxe5+ f6 
26. Qc7 Rg8 27. Rd7 Qxd7 28. Rxg8+ Rxg8 29. Qxd7 Bc5 30. Qf7 Rf8 31. Qd7 Kg8 
32. h4 f5 33. Kf1 Rf7 34. Qd8+ Kg7 35. g3 Rf6 36. Ke2 Rf7 37. Qg5+ Kf8 
38. Qh6+ Ke7 39. Qc6 Kf8 40. h5 Ke7 41. Qc7+ Ke6 42. Qf4 Ke7 43. Qe5+ Kf8 
44. Kd3 Rd7+ 45. Kc2 Rf7 46. Kb3 Kg8 47. a4 Kf8 48. Kc4 Kg8 49. Qe6 Kg7 
50. h6+ Kg8 51. Kb5 Kf8 52. Qe5 Kg8 53. Kc6 Kf8 54. Qh8+ Ke7 55. Kd5 Bb4 
56. Qe5+ Kf8 57. Qb8+ Ke7 58. Qxb6 Ke8 59. Ke6 Re7+ 60. Kxf5 Rf7+ 61. Ke6 Re7+ 
62. Kd5 Rd7+ 63. Ke4 Re7+ 64. Kf3 Rf7+ 65. Kg2 Re7 66. f4 Kf7 67. Kf3 Re6 
68. Qa7+ Re7 69. Qb6 Re6 70. Qc7+ Re7 71. Qc6 Kf8 72. g4 Kf7 73. g5 
1-0

[Event "34th Chess Olympiad (women)"]
[Site "Istanbul"]
[Date "2000.11.06"]
[Round "9.30.3"]
[White "Nakagawa, Emiko"]
[Black "Lindiawati, Evi"]
[WhiteElo "2000"]
[BlackElo "2000"]
[WhiteCountry "JPN"]
[BlackCountry "INA"]
[Result "1/2-1/2"]

1. d4 Nf6 2. c4 e6 3. Nc3 Bb4 4. Qc2 c5 5. dxc5 Na6 6. a3 Bxc3+ 7. Qxc3 Nxc5 
8. Bg5 Nce4 9. Bxf6 Nxf6 10. Nf3 O-O 11. e3 b6 12. Be2 Bb7 13. O-O Rc8 
14. Qd4 d5 15. cxd5 Bxd5 16. Rac1 Qe7 17. Qh4 Qb7 18. Qh3 h6 19. Nd4 Rxc1 
20. Rxc1 Rc8 21. Rd1 Rc5 22. Bf3 Qc8 23. Bxd5 Nxd5 24. Qf3 Rc1 25. h3 Qc4 
26. Kh2 a5 27. Rxc1 Qxc1 28. Qe2 Qc5 29. Qb5 Qxb5 30. Nxb5 Kf8 31. Kg3 Ke7 
32. Kf3 Kd7 33. Ke4 Kc6 34. Nd4+ Kd6 35. Kd3 Kc5 36. Ke4 Kd6 37. Kd3 Kc5 
38. g3 g6 39. e4 Nc7 40. Nc2 e5 41. Ne3 h5 42. h4 b5 43. Nc2 Na6 44. b3 Kd6 
45. b4 axb4 46. axb4 f6 47. f3 Ke6 48. Ke2 Kd6 49. Kd3 Ke6 50. Ke2 Kd6 
1/2-1/2

[Event "34th Chess Olympiad (women)"]
[Site "Istanbul"]
[Date "2000.11.06"]
[Round "9.31.1"]
[White "Sanli, Emine"]
[Black "Leite, Catarina"]
[WhiteElo "2000"]
[BlackElo "2089"]
[WhiteCountry "TURB"]
[BlackCountry "POR"]
[Result "0-1"]

1. e4 e5 2. Nf3 Nc6 3. d4 exd4 4. Nxd4 Bc5 5. Be3 Qf6 6. c3 Nge7 7. Bc4 O-O 
8. O-O Qg6 9. Nd2 d5 10. Nxc6 Qxc6 11. Bxc5 Qxc5 12. exd5 Nxd5 13. Qh5 Be6 
14. Bb3 Qc6 15. Bc2 Nf6 16. Qh4 Bd5 17. Qh3 Rad8 18. Nb3 Be6 19. Qh4 Bxb3 
20. Bxb3 Rd2 21. Rab1 Ne4 22. Qf4 Rd6 23. Rbd1 Rf6 24. Qe3 Nd6 25. Qxa7 Rg6 
26. Bd5 Qb5 27. Rd2 c6 28. a4 Qa6 29. Qxa6 bxa6 30. Bf3 Nc4 31. Re2 Nb6 
32. b3 Rb8 33. Rfe1 Kf8 34. Rd2 Rf6 35. a5 Na8 36. Rd7 Re6 37. Rxe6 fxe6 
38. Kf1 Rc8 39. Ra7 Nc7 40. Bxc6 Ke7 41. Bb7 Rb8 42. Bxa6 Kd6 43. b4 Nd5 
44. Rxg7 Nxc3 45. Rg4 Nd5 46. Bd3 h5 47. Rh4 Nxb4 48. Ke2 Nd5 49. Rc4 Ra8 
50. Bg6 Rxa5 51. Bxh5 Ra2+ 52. Ke1 Ke5 53. Bf3 Ra1+ 54. Kd2 Ne7 55. h4 Nf5 
56. Re4+ Kf6 57. g3 e5 58. Bd1 Ra2+ 59. Ke1 Nd4 60. g4 Ra1 61. h5 Nf3+ 
62. Ke2 Nd4+ 63. Kd2 Ne6 64. Rb4 Ra7 65. Bc2 Rd7+ 66. Ke3 Nf4 67. Rb8 Kg5 
68. Rg8+ Kh6 69. Rh8+ Kg5 70. h6 Nd5+ 71. Kf3 Nf6 72. h7 Kh6 73. g5+ Kg7 
0-1